| 000 | 00362nam a22001337a 4500 | ||
|---|---|---|---|
| 008 | 230704b xxu||||| |||| 00| 0 eng d | ||
| 020 | _a9210120434 | ||
| 082 |
_a341.7 _bUNI |
||
| 110 | _bUnited Nations | ||
| 245 |
_aHandbook of World Mineral Trade Statistics _b1992-1997 |
||
| 260 |
_aNew York, Geneva _bUnited Nations _c1999 |
||
| 300 | _a361p | ||
| 942 |
_2ddc _cBK |
||
| 999 |
_c3871 _d3871 |
||